| 000 | 00541nam a2200205 a 4500 | ||
|---|---|---|---|
| 005 | 20140310183451.0 | ||
| 008 | 090120s19uu xx 00 eng d | ||
| 020 | _a9780071481700 | ||
| 050 |
_aHF 5549.5.S38 _b.D38 2007 |
||
| 100 | _aDavila, Lori | ||
| 245 | _aPerfect phrases for perfect hiring. / | ||
| 260 |
_aNew York : _bMcGraw-Hill, _c2007. |
||
| 300 |
_a191 p. : _bill. ; _c23 cm. |
||
| 521 | _aBSBA | ||
| 650 | _aBSBA. | ||
| 650 | _aEmployee selection. | ||
| 700 | _aKing, Margot | ||
| 942 |
_cBK _2lcc _kFOR |
||
| 999 |
_c23395 _d23395 |
||